Naléhavost daňových úlev.

Rozhovor s viceguvernérom Českej národnej banky. Dopady sekundárneho trhu na dlhodobé kapitálové zdroje. Rozvinutie kapitálového trhu po odovzdaní akcií z kupónovej privatizácie novým vlastníkom a jeho vplyv na množstvo domácich finančných zdrojov. Odporúčania na riešenie vzniknutých problémov pre k...

Full description

Saved in:
Bibliographic Details
Main Author: Kysilka, P.
Other Authors: Šatavová, I.
Format: Book Chapter
Language:Czech
Subjects:
Tags: Add Tag
No Tags, Be the first to tag this record!

MARC

LEADER 00000naa a2200000 4500
001 r012549
005 20220826093445.9
041 0 |a cze 
044 |a CZ 
245 1 0 |a Naléhavost daňových úlev.  |c P. Kysilka, I. Šatavová 
520 |a Rozhovor s viceguvernérom Českej národnej banky. Dopady sekundárneho trhu na dlhodobé kapitálové zdroje. Rozvinutie kapitálového trhu po odovzdaní akcií z kupónovej privatizácie novým vlastníkom a jeho vplyv na množstvo domácich finančných zdrojov. Odporúčania na riešenie vzniknutých problémov pre komerčné banky, veľké firmy, vládu a centrálnu banku. 
610 2 0 |a úľavy daňové 
610 2 0 |a banky 
610 2 0 |a Čechy 
610 2 0 |a trh kapitálový 
610 2 0 |a privatizácia 
610 2 0 |a zdroje finančné 
100 1 |a Kysilka, P. 
700 1 |a Šatavová, I.